000 00320nam a2200121Ia 4500
008 190723s9999 xx 000 0 und d
020 _a978-0-07-160121-4
100 _aMelody Templeton
245 0 _aPublic Speaking and Presentation Demystified
260 _aNew york
_bMcGraw Hill
_c2010
300 _a259.:p
942 _cBK
999 _c1694
_d1694